00551 2200205 4500001002100000005001500021007000300036008004100039020002200080035002000102082000800122084001400130100001800144245005700162250001000219260003400229300003000263600003300293700001900326INLIS00000000000237220260602021333ta260602 0  a978-602-7760-19-6 a0010-0220000223 a741 a741 BAM i0 aBambang Oeban1 aImam Mengucap Salam /cBambang Oeban, Editor: Satria aCet.1 aJakarta :bShira Media,c2013 a32 hlm. :bilus. ;c23 Cm 4aSeni Menggambar dan Dekorasi0 aEditor: Satria